Statistics for irjas topp 30

Click here to take the quiz!

General Stats

  • This quiz has been taken 2 times
  • The average score is 16 of 30

Answer Stats

HintAnswer% Correct
hurula22
100%
cage the elefantcold cold cold
100%
pixieshey
100%
nationalteaternkolla kolla
100%
weezersay it ain't so
100%
red hot chili peppersscar tissue
100%
mattias alkbergskända flaggan
100%
imperietalltid rött alltid rätt
50%
red hot chili peppersApache rose peacock
50%
lady gagaapplause
50%
kentbeskyddaren
50%
deftoneschange
50%
kentchans
50%
slipknotduality
50%
ted gärdestadett stilla regn
50%
pugh rogerfeldthär kommer natten
50%
kenthur jag fick dig att älska mig
50%
imperieti hennes sovrum
50%
kentindianer
50%
the white stripesmy doorbell
50%
red hot chili peppersporcelain
50%
deftonessextape
50%
the jinsshe said
50%
kentstanna hos mig
50%
the strokeswelcome to japan
50%
system of a downaerials
0%
slipknotbefore i forget
0%
red hot chili peppersblood sugar sex magic
0%
nick drakeriver man
0%
alice in chainsthem bones
0%

Score Distribution

Percentile by Number Answered

Percent of People with Each Score

Your Score History

You have not taken this quiz